Modern english in action
| Main Author: | |
|---|---|
| Format: | Book |
| Published: |
Lexington :
D.C. Health and Company ,
1982
|
| Edition: | Teacher's ed |
| Subjects: |
MARC
| LEADER | 00000cam a2200000 7i4500 | ||
|---|---|---|---|
| 001 | 0000003777 | ||
| 002 | 000004067 | ||
| 005 | 20000330.0 | ||
| 020 | |a 0669031240 | ||
| 090 | 0 | 0 | |a 428 |b CHR |
| 100 | 1 | |a Christ, Henry I | |
| 245 | 1 | 0 | |a Modern english in action |c Henry I.Christ and Jerome Carlin |
| 250 | |a Teacher's ed | ||
| 260 | |a Lexington : |b D.C. Health and Company , |c 1982 | ||
| 300 | |a 530p. : |b ill. ; |c 24cm. | ||
| 650 | 0 | 0 | |a English language |x Study and teaching |
| 999 | |a 038160 |b BUKU |c PINJAMAN |e PERPUSTAKAAN KOMUNITI PETALING JAYA | ||